| 000 | 00431cam a22001697 4500 | ||
|---|---|---|---|
| 001 | ltf90011321 | ||
| 003 | DLC | ||
| 005 | 20260227111550.0 | ||
| 008 | 901106s1948 gw 000 0 ger | ||
| 010 | _altf90011321 | ||
| 040 |
_aDLC _cDLC _dDLC |
||
| 050 | 0 | 0 | _a4BT 95 |
| 100 | 1 |
_aGuttmann, Bernhard, _d1869-1959. |
|
| 245 | 1 | 4 | _aDas Ende der Zeit. |
| 260 |
_aFreiburg im Breisgau, _bZähringer Verlag, _c1948. |
||
| 300 | _a268 p. | ||
| 999 |
_c37349 _d37349 |
||